000 00553nam a2200169 4500
999 _c4338
_d4338
008 160905b xxu||||| |||| 00| 0 eng d
022 _a2094-8042
082 _aDPer 370.105 M72 Jan-Dec 2012 v. 60-61
100 _914105
_aManon-og, Ryan P.
243 _aThe modern teacher
245 _a2011 international mother language day/
_cRyan P. Manon-og.
260 _aPhilippines:
_bIn the Grade School, Inc.,
_c©2012.
300 _apage 85;
_c28 cm.
500 _aThe Modern Teacher.
650 0 _914106
_aEducation
_xBilingual
942 _2ddc
_cPER